• 首页
  • 本馆介绍
  • 公告通知
  • 最新文献
  • 馆藏检索
  • 电子资源
  • 读者导购
  • 参考咨询
  • 我的图书馆
  • 登录
  • 详细信息显示
  • 放入我的书架
  • 预约/预借图书
  • 作者相关作品
  • 分类相关作品
  • 丛书相关作品
  • 出版社相关作品

书目信息

  • 表格格式
  • 工作单格式
  • 卡片格式
题名:
全国西文期刊联合目录
    
 
作者: ;北京图书馆联合目录编辑组 编
分册: 上  
出版信息: 北京   北京图书馆  1982.12
页数: 1409页
开本: 16开
丛书名:
单 册:
中图分类: Z87
科图分类:
主题词: 期刊目录 , 报纸目录
电子资源:
ISBN:
000 00714nam0 2200229 45
001 0181015619
005 20060728171036.98
010    @dCNY10.00
091    @a17201.14:2
100    @a20810111d km y0chiy0120 ea
101 0  @achi
200 1  @a全国西文期刊联合目录@AQuan Guo Xi Wen Qi Kan Lian He Mu Lu@e1962-1978@e科技部分@h上@hA-E@f北京图书馆联合目录编辑组编@FBei Jing Tu Shu Guan Lian He Mu Lu Bian Ji Zu Bian
210    @a北京@c北京图书馆@d1982.12
215    @a1409页@d16开
517    @a科技部分@AKe Ji Bu Fen
517    @a1962-1978
606 0  @a期刊目录
606 0  @a报纸目录
690    @aZ87@v3
711 02 @a北京图书馆联合目录编辑组@4编
801    @aCN@bTSTC@c20060728
905    @dZ87@e13:1@f1@b90000
    
    全国西文期刊联合目录:1962-1978:科技部分.上.A-E/北京图书馆联合目录编辑组编.-北京:北京图书馆,1982.12
    1409页;16开
    
    
    ISBN :CNY10.00
    
●
相关链接 在E读中查询图书 在五车中查询图书 在当当中查询图书 在豆瓣中查询图书


正题名:全国西文期刊联合目录     索取号:Z87/13:1         预约/预借

序号 登录号 条形码 馆藏地/架位号 状态 备注
1 0439017   204390177   密集书库/ [索取号:Z87/13:1] 在馆    
唐山师范学院图书馆 欢迎您!
大连网信软件有限公司© 版权所有